000 01039 a2200289 4500
001 118283
020 _a9781449494865
020 _q(paperback)
041 _aeng
082 _a[Fic]
100 _aBrady, Dustin
490 _aTrapped in a video game
520 _aAfter getting sucked in the new game Full Blast with his friend Eric, Jesse starts to see the appeal of being in the game, but pretty soon, a mysterious figure begins following Eric and Jesse, and they discover they cannot leave the game.
521 _aYear 4
697 _aVideo games - Fiction.
697 _aFriendship
697 _aAction and adventure fiction.
697 _aJuvenile fiction
856 _u00002f/00002f91.jpg
040 _aBR-BrIDEA
_cBR-BrIDEA
090 _aA Year 4 [Fic]
_bBRA
245 1 0 _aTrapped in a video game
_cDustin Brady ; illustrations by Jesse Brady
260 _aKansas City, Missouri
_bAndrews McMeel Pub.
_c[2018]
300 _a137 pages
_billustrations
_e24 cm
700 _aBrady, Jesse
_eillustrator
942 _cBK
999 _c118283
_d118283